Sexualität macht Gefühle: ein Reader ; [ausgewählte Texte zum Thema Sexualstraftäter]
| Körperschaft: | |
|---|---|
| Beteiligte: | |
| Medienart: | Druck Buch |
| Sprache: | Deutsch |
| Veröffentlicht: |
Münster
Chance e.V.
1997
|
| In: | Jahr: 1997 |
| Ausgabe: | 1. Aufl. |
| Bestand in Tübingen: | In Tübingen vorhanden. IFK: E VII 81 IFK: E VII 91 |
| Verfügbarkeit prüfen: | HBZ Gateway |
| Subito Bestelldienst: | Jetzt bestellen. |
| Bände / Aufsätze: | Bände / Aufsätze anzeigen. |
| Schlagwörter: |
MARC
| LEADER | 00000cam a2200000 c 4500 | ||
|---|---|---|---|
| 001 | 270009701 | ||
| 003 | DE-627 | ||
| 005 | 20251129022010.0 | ||
| 007 | tu | ||
| 008 | 990607s1997 gw ||||| 00| ||ger c | ||
| 015 | |a 99,B25,0251 |2 dnb | ||
| 016 | 7 | |a 956214630 |2 DE-101 | |
| 020 | |a 3932168011 |c : DM 7.00 (kart., Schutzgebühr) |9 3-932168-01-1 | ||
| 035 | |a (DE-627)270009701 | ||
| 035 | |a (DE-576)080003354 | ||
| 035 | |a (DE-599)DNB956214630 | ||
| 035 | |a (OCoLC)76041534 | ||
| 035 | |a (OCoLC)76041534 | ||
| 040 | |a DE-627 |b ger |c DE-627 |e rakwb | ||
| 041 | |a ger | ||
| 044 | |c XA-DE | ||
| 084 | |a 19 |a 11 |a 14 |2 sdnb | ||
| 084 | |a 5,2 |2 ssgn | ||
| 084 | |a 71.25 |2 bkl | ||
| 084 | |a 77.85 |2 bkl | ||
| 110 | 2 | |a Chance e.V. |g Münster (Westf) |0 (DE-588)2176541-8 |0 (DE-627)268119198 |0 (DE-576)197606059 |4 aut | |
| 245 | 1 | 0 | |a Sexualität macht Gefühle |b ein Reader ; [ausgewählte Texte zum Thema Sexualstraftäter] |c Chance e.V. [Die Texte wurden ausgew. und zsgest. von Anne Menke] |
| 246 | 3 | 3 | |a Ausgewählte Texte zum Thema Sexualstraftäter |
| 250 | |a 1. Aufl. | ||
| 263 | |a kart. : DM 7.00 (Schutzgebühr) | ||
| 264 | 1 | |a Münster |b Chance e.V. |c 1997 | |
| 300 | |a 127 S |c 21 cm | ||
| 336 | |a Text |b txt |2 rdacontent | ||
| 337 | |a ohne Hilfsmittel zu benutzen |b n |2 rdamedia | ||
| 338 | |a Band |b nc |2 rdacarrier | ||
| 500 | |a Nebent.: Ausgewählte Texte zum Thema Sexualstraftäter | ||
| 583 | 1 | |a Archivierung prüfen |c 20200919 |f DE-640 |z 1 |2 pdager | |
| 583 | 1 | |a Archivierung prüfen |c 20240324 |f DE-4165 |z 1 |2 pdager | |
| 655 | 7 | |a Aufsatzsammlung |0 (DE-588)4143413-4 |0 (DE-627)105605727 |0 (DE-576)209726091 |2 gnd-content | |
| 689 | 0 | 0 | |d s |0 (DE-588)4138453-2 |0 (DE-627)104528907 |0 (DE-576)209686170 |a Sexualtäter |2 gnd |
| 689 | 0 | |5 (DE-627) | |
| 689 | 1 | 0 | |d s |0 (DE-588)4116485-4 |0 (DE-627)105806315 |0 (DE-576)209501987 |a Sexualverhalten |2 gnd |
| 689 | 1 | 1 | |d s |0 (DE-588)4020832-1 |0 (DE-627)10631663X |0 (DE-576)208934979 |a Gewalt |2 gnd |
| 689 | 1 | |5 (DE-627) | |
| 689 | 2 | 0 | |d s |0 (DE-588)4141198-5 |0 (DE-627)105622230 |0 (DE-576)209709251 |a Abweichendes Sexualverhalten |2 gnd |
| 689 | 2 | |5 (DE-627) | |
| 700 | 1 | |a Menke, Anne |e Hrsg. |4 edt | |
| 935 | |i Blocktest | ||
| 936 | b | k | |a 71.25 |j Sexualität |x Soziologie |0 (DE-627)106409050 |
| 936 | b | k | |a 77.85 |j Sexualpsychologie |0 (DE-627)10641643X |
| 951 | |a BO | ||
| ELC | |b 1 | ||
| LOK | |0 000 xxxxxcx a22 zn 4500 | ||
| LOK | |0 001 3116245398 | ||
| LOK | |0 003 DE-627 | ||
| LOK | |0 004 270009701 | ||
| LOK | |0 005 20000202000000 | ||
| LOK | |0 008 000202||||||||||||||||ger||||||| | ||
| LOK | |0 040 |a DE-21-110 |c DE-627 |d DE-21-110 | ||
| LOK | |0 852 |a DE-21-110 | ||
| LOK | |0 852 1 |c E VII 91 |m p |9 00 | ||
| LOK | |0 935 |a k110 | ||
| LOK | |0 936ln |a 10.14 | ||
| LOK | |0 938 |k p | ||
| LOK | |0 939 |a 02-02-00 |b l01 | ||
| LOK | |0 000 xxxxxcx a22 zn 4500 | ||
| LOK | |0 001 3116245401 | ||
| LOK | |0 003 DE-627 | ||
| LOK | |0 004 270009701 | ||
| LOK | |0 005 20000203000000 | ||
| LOK | |0 008 000203||||||||||||||||ger||||||| | ||
| LOK | |0 040 |a DE-21-110 |c DE-627 |d DE-21-110 | ||
| LOK | |0 852 |a DE-21-110 | ||
| LOK | |0 852 1 |c E VII 81 |m p |9 00 | ||
| LOK | |0 935 |a k110 | ||
| LOK | |0 936ln |a 10.14 | ||
| LOK | |0 938 |k p | ||
| LOK | |0 939 |a 03-02-00 |b l02 | ||
| ORI | |a SA-MARC-krimdoka001.raw | ||
| SIG | |a IFK: E VII 81 | ||
| SIG | |a IFK: E VII 91 | ||
| SPR | |a 1 |t KRI | ||
